000 00339nam a2200145Ia 4500
008 191201s2011 xx 000 0 und d
082 _a005.43
_bMIO
100 _aMILENKOVIC, Milon
245 0 _aOperating System Concepts & Design
250 _aRep
260 _aN. Delhi
_bTMH
_c2011
300 _a755
650 _aMCA
942 _2ddc
_cBK
999 _c5015
_d5015